| 000 | 00539nam a2200205 a 4500 | ||
|---|---|---|---|
| 999 |
_c6914 _d6914 |
||
| 001 | 6914 | ||
| 003 | BD-JhCC | ||
| 005 | 20180217111005.0 | ||
| 008 | 180201s1995 bg a|||| || | 000 0 eng d | ||
| 035 | _a(BD-JhCC)6914 | ||
| 040 |
_aBD-JhCC _dBD-JhCC |
||
| 041 | _aeng | ||
| 082 |
_a333.91215095 _bWOM 1995 |
||
| 245 |
_aWomen For Water Sharing / _cHasna J. Moudud (Edited) |
||
| 260 |
_aDhaka : _bAcademic Publishers, _c1995 |
||
| 300 |
_a188 p. : _c22 cm. |
||
| 700 | _aMoudud, Hasna J. (Edited) | ||
| 942 |
_2ddc _cBK |
||